Reference Values and Decision Limits - New Aspects

Bibliographic Details
Main Author: Petersen, Per Hyltoft (Author)
Format: Article
Language:Slovak
English

MARC

LEADER 00000nab a2200000 a 4500
001 vtls010712982
003 SK-MaSNL
005 20260304185514.0
008 250709s2005 xo |||||||||||||||||slo|
035 |a (urnnbn)urn:nbn:sk:snk:ar-a04942 
035 |a (uuid)2d91ee64-a92b-49a4-beb4-85dfe2ddb243 
035 |a urn:nbn:sk:snk-ab3fs7 
040 |a SNKBUCL  |b slo  |c SNKBUCL  |e AACR2 
041 0 |a eng 
044 |a xo  |c SK 
100 1 |a Petersen, Per Hyltoft  |4 aut  |9 1458658 
245 1 0 |a Reference Values and Decision Limits - New Aspects  |c Per Hyltoft Petersen 
773 0 |t Laboratórna diagnostika : časopis pre pracovníkov diagnostických laboratórií  |g Roč. 10, č. 1 (2005), s. 19-22 
850 |a Slovenská národná knižnica 
852 |a Slovenská národná knižnica 
954 |a odborná, vedecká literatúra cudzojazyčná (svetová)  |2 lita 
958 |a article1 
958 |a OND 
958 |a EUIPO 
999 |c 3043879  |d 3045809